| 000 | 00403 a2200169 4500 | ||
|---|---|---|---|
| 001 | 79069 | ||
| 082 | _a954.91 ZAF | ||
| 090 |
_c39553 _d39553 |
||
| 100 | _aM D Zafar | ||
| 245 |
_aPakistan Studies _cM D Zafar _hEnglish |
||
| 250 | _a1 | ||
| 260 |
_aLahore _bAziz Book Depot _c2008 |
||
| 300 | _a336 p | ||
| 500 | _aDOS BS Reference Books | ||
| 505 | _aAHQ Books | ||
| 600 | _aPakistan Studies | ||
| 942 |
_acaenust _k954.91 ZAF _cBS |
||
| 999 |
_c314142 _d314142 |
||